0715-鶴岡市(山形県)の駅 - Statistics

General Stats
  • This quiz has been taken 6 times
  • The average score is 6 of 10
Answer Stats
Answer % Correct
鶴岡
100%
あつみ温泉
83%
鼠ケ関
67%
五十川
67%
羽前水沢
67%
羽前大山
67%
藤島
50%
小岩川
33%
小波渡
33%
三瀬
33%
No matching quizzes found
Score Distribution
Percent of People with Each Score
Percentile by Number Answered
Your Score History
You have not taken this quiz